000 00840nab a2200253 u 4500
001 11206
003 HDC
007 cr bn ---aaaaa
008 210206c20141027 |r|noo 0 a ind d
040 _aHDC
100 _aTeguh Setiawan
_eauthor
_911464
245 0 _aJepang Impor Produk Halal dari Malaysia / oleh
_cTeguh Setiawan
260 _a[no place] :
_b[publisher not identified],
_c2014
336 _atext
_2rdacontent
337 _acomputer
_2rdamedia
338 _aonline resource
_2rdacarrier
650 _aHalal food
_zJapan
_92484
650 _aHalal products
_9642
710 _aInilah.com
856 _zRequest full-text at [email protected]
942 _2lcc
942 _cNEWS
942 _kNWSO 001274
999 _c8529
_d8529